00408nam a2200121Ia 4500008004100000024004100041082001600082100006900098245003500167260002500202600002100227650003800248250506s9999 xx 000 0 und d a11B-77-BS, 11B-60-BS & 11B-97-BS a005.072 MUH aMuhammad Saad Saleem, Syed Iftikhar Ahmed & Syed Waleed Bin Aqil 0aElectronic Health Record (EHR) aKarachi:bUIT,c2011 aComputer Science aBachelor of Computer Science (BS)